Szczegóły MARC21

The non nonprofit : for-profit thinking for nonprofit success /

005 -DATA I CZAS OSTATNIEJ MODYFIKACJI [,]
    • @
    • pole kontrolne
    • 20140522092013.0
020 -Międzynarod. znormalizowany nr książki - ISBN [ , ]
    • a
    • Numer ISBN
    • 9781118021811 Find
020 -Międzynarod. znormalizowany nr książki - ISBN [ , ]
    • a
    • Numer ISBN
    • 9781118180204 (ebk.) Find
020 -Międzynarod. znormalizowany nr książki - ISBN [ , ]
    • a
    • Numer ISBN
    • 9781118180211 (ebk.) Find
020 -Międzynarod. znormalizowany nr książki - ISBN [ , ]
    • a
    • Numer ISBN
    • 9781118180228 (ebk.) Find
040 -Instytucja sporządzająca opis [ , ]
    • a
    • Instytucja, która sporządziła opis (NP)
    • SZCZ U/DL
    • c
    • Instytucja, która sporządziła rekord (NP)
    • SZCZ U/DL
    • d
    • Instytucja, która zmodyfikowała rekord (P)
    • SZCZ U/ML
041 -Język dokumentu [0, ]
    • a
    • Język tekstu (P)
    • angielski
044 -Kraj miejsca wydania [ , ]
    • a
    • Kraj miejsca wydania
    • USA
942 -Rodzaj dokumentu [ , ]
    • c
    • Rodzaj dokumentu
    • Książka
100 -Hasło główne - nazwa osobowa [1, ]
    • 9
    • KHW
    • 70806
    • a
    • Nazwa osobowa (NP)
    • Rothschild, Steve
    • d
    • Daty biograficzne (NP)
    • (1945- ).
245 -Strefa tytułu i oznaczenia odpowiedzialności [1,4]
    • a
    • Tytuł
    • The non nonprofit : Find
    • b
    • Ciąg dalszy tytułu (NP)
    • for-profit thinking for nonprofit success / Find
    • c
    • Pozostałe elementy strefy tytułu i oznaczenia odpowiedzialności (NP)
    • Steve Rothschild ; foreword by Bill George.
260 -Strefa adresu wydawniczego [ , ]
    • a
    • Miejsce wydania (P)
    • San Francisco, CA :
    • b
    • Nazwa wydawcy (P)
    • Jossey-Bass,
    • c
    • Data wydania (P)
    • cop. 2012.
300 -Strefa opisu fizycznego [ , ]
    • a
    • Określenie formy książki i/lub objętość (NP)
    • XIII, 238 s. ;
    • c
    • Format (NP)
    • 24 cm.
504 -Uwaga dot. bibliogr. załącznikowej [ , ]
    • a
    • Uwaga dot. bibliografii załącznikowej
    • Bibliogr. w przypisach. Indeks.
080 -Uniwersalna Klasyfikacja Dziesiętna [ , ]
    • 2
    • Identyfikator wydania tablic
    • UDC-P058
    • 9
    • UKD
    • 2330
    • a
    • Symbol klasyfikacji
    • 061.2
    • b
    • Dopowiedzenie
    • Organizacje nierządowe. Instytucje i stowarzyszenia półurzędowe i prywatne, zawodowe.
    • 4
    • UKD2
    • 7644
    • x
    • Poddział wspólny
    • =111
    • c
    • Dopowiedzenie poddz. wspólnego
    • =Język angielski.
080 -Uniwersalna Klasyfikacja Dziesiętna [ , ]
    • 2
    • Identyfikator wydania tablic
    • UDC-P058
    • 9
    • UKD
    • 2942
    • a
    • Symbol klasyfikacji
    • 33.012.4
    • b
    • Dopowiedzenie
    • Formy organizacji gospodarczych wg celów handlowych. Wolny rynek. Rynek kontrolowany. Protekcjonizm. Autarkia. Gospodarcza samowystarczalność. Organizacje gospodarcze niedochodowe – ”non profit”.
    • 4
    • UKD2
    • 7644
    • x
    • Poddział wspólny
    • =111
    • c
    • Dopowiedzenie poddz. wspólnego
    • =Język angielski.
080 -Uniwersalna Klasyfikacja Dziesiętna [ , ]
    • 2
    • Identyfikator wydania tablic
    • UDC-P058
    • 9
    • UKD
    • 2210
    • a
    • Symbol klasyfikacji
    • 005.7
    • b
    • Dopowiedzenie
    • Zarządzanie. Zarządzanie organizacyjne.
    • 4
    • UKD2
    • 7644
    • x
    • Poddział wspólny
    • =111
    • c
    • Dopowiedzenie poddz. wspólnego
    • =Język angielski.
980 -Symbol UKD [ , ]
    • a
    • UKD
    • 061.2:33.012.4:005.7]=111
700 -Hasło dodatkowe - nazwa osobowa [1, ]
    • 9
    • KHW
    • 70807
    • a
    • Nazwa osobowa (NP)
    • George, Bill. Find
    • e
    • Określenie rodzaju współpracy
    • Wstęp.
710 -Hasło dodatkowe - nazwa ciała zbiorowego [2, ]
    • 4
    • Kod relacji
    • pbl
    • 9
    • KHW
    • 62524
    • a
    • Nazwa ciała zbiorowego lub nazwa geograficzna jako pierwszy element (NP)
    • Jossey-Bass.
920 -ISBN [ , ]
    • a
    • ISBN
    • 978-1-118-02181-1 Find
920 -ISBN [ , ]
    • a
    • ISBN
    • 978-1-118-18020-4 (ebk.) Find
920 -ISBN [ , ]
    • a
    • ISBN
    • 978-1-118-18021-1 (ebk.) Find
920 -ISBN [ , ]
    • a
    • ISBN
    • 978-1-118-18022-8 (ebk.) Find
Lokalizacja Data inwentaryzacji Obwoluta Numer inwentarzowy Status udost.
T2014-03-241T.15539-2